000 00327nam a22001457a 4500
008 230707b ||||| |||| 00| 0 eng d
020 _a9781557864925
041 _aeng
080 _a159.9
082 _a159.9PRA
100 _a25
101 _aPSI
245 _aTHE SOCIAL PSYCHOLOGY OF AGING
_cPRATT .W.M
942 _2udc
_cBK
999 _c60117
_d60117